| 000 | 00867nam a22002537i 4500 | ||
|---|---|---|---|
| 003 | URS | ||
| 856 |
_3Online Request for Student Unpublished Works _uhttps://forms.gle/7LqvGGkaDrUQqz429 |
||
| 999 |
_c76142 _d76141 |
||
| 005 | 20240416181641.0 | ||
| 008 | 200130b ||||| |||| 00| 0 eng d | ||
| 041 | _aeng | ||
| 043 | _aa-ph--- | ||
| 050 | 1 | 4 |
_aQA461 _b.D377 2015 |
| 100 |
_aDe Leon, Joel P, _eauthor |
||
| 245 | _aDevelopment and validation of manipulative learning activities | ||
| 260 | _cDecember 2015 | ||
| 300 |
_a101 leaves : _billustrations ; _c28 cm |
||
| 336 |
_2rda content _atext |
||
| 337 |
_2rda media _aunmediated |
||
| 338 |
_2rda carrier _avolume |
||
| 502 |
_aThesis _bMaster of Arts in Teaching major in Mathematics _cUniversity of Rizal System-Morong _d2015 |
||
| 650 | 0 | _aGeometry--Study and teaching. | |
| 700 |
_aLlagas, Avelina T., _eauthor. |
||
| 942 |
_2lcc _cT |
||